A mulher que prendeu a chuva (Registo nº 1441)

Detalhes MARC
000 -Etiqueta do registo
Cabeçalho 00842nam0a2200277 4500
005 - Identificador da versão
Campo de controlo 20240813121836.0
010 ## - Número internacional normalizado dos livros (ISBN)
Número (ISBN) 9789898093011
021 ## - Número do Depósito Legal
Código do país PT
Número 375427/14
100 ## - Dados gerais de processamento
Dados gerais de processamento 20150223d2014 m y0pory5003 ba
102 ## - Pais de publicação ou produção
País de publicação Portugal
101 0# - Língua de publicação
Língua do texto, banda sonora, etc. Português
215 ## - Descrição física 
Indicação específica da natureza do documento e extensão da espécie 106, [1] p
200 1# - Titulo e menção de responsabilidade
Título próprio A mulher que prendeu a chuva
Informação de outro título e outras histórias
Primeira menção de responsabilidade Teolinda Gersão
225 2# - Colecção 
Título próprio da colecção Ficção
205 ## - Menção da edição
Menção da edição 5ª ed
210 ## - Publicação, Distribuição, etc. 
Lugar da edição, distribuição, etc. [S. l.]
Nome do editor, distribuidor, etc. Sextante ed.
Data da publicação, distribuição, etc. 2014
300 ## - Notas gerais 
Texto da nota Metas Curriculares
Texto da nota Obra premiada pelo Prémio Máxima de Literatura e Prémio Fundação Inês de Castro
606 ## - Nome comum usado como assunto
Número de registo de entrada de autoridade 0002010
Palavra de ordem Literatura portuguesa
Subdivisão de assunto Conto
Código do sistema CA
675 ## - Classificação Decimal Universal (CDU)
Notação 821.134.3-34
Edição 3ª ed.
Língua da edição por
700 #1 - Nome de autor-pessoa física (responsabilidade principal)
Número de registo de entrada de autoridade 0002085
Palavra de ordem Gersão
Outra parte do nome não tomada para palavra de ordem Teolinda
Datas 1940-
966 ## - Identificação da Biblioteca
Sigla EB2,3ENM
942 ## - Elementos de entrada adicionados (Koha)
Tipo de item no Koha Livro
Exemplares
Situação do levantamento Origin of item (home branch) (coded) Biblioteca de empréstimo Código de barras Cota Circulation type (not for loan) Tipo de documento Nota do exemplar Damaged status
  Biblioteca Escolar Eng. Nuno Mergulhão Biblioteca Escolar Eng. Nuno Mergulhão BENM3542 82LP-34 GER MET   Livro Sem mensagem